فاعلية برنامج قائم على لغة الجسد لتنمية الكفاءة الاجتماعيَّة لدى ضِعَاف السَّمْع المُدْمَجِين وأقرانهم / (رقم التسجيلة. 179112)
[ عرض عادي ]
| 000 -LEADER | |
|---|---|
| fixed length control field | 04968namaa22004331i 4500 |
| 003 - CONTROL NUMBER IDENTIFIER | |
| control field | OSt |
| 005 - أخر تعامل مع التسجيلة | |
| control field | 20260426131609.0 |
| 008 - FIXED-LENGTH DATA ELEMENTS--GENERAL INFORMATION | |
| fixed length control field | 250827s2025 ua a|||frm||| 000 0 eng d |
| 040 ## - CATALOGING SOURCE | |
| Original cataloguing agency | EG-GICUC |
| Language of cataloging | ara |
| Transcribing agency | EG-GICUC |
| Modifying agency | EG-GICUC |
| Description conventions | rda |
| 041 0# - LANGUAGE CODE | |
| Language code of text/sound track or separate title | ara |
| Language code of summary or abstract | ara |
| -- | eng |
| 049 ## - Acquisition Source | |
| Acquisition Source | إيداع |
| 082 04 - DEWEY DECIMAL CLASSIFICATION NUMBER | |
| Classification number | 305.908162 |
| 092 ## - LOCALLY ASSIGNED DEWEY CALL NUMBER (OCLC) | |
| Classification number | 305.908162 |
| Edition number | 21 |
| 097 ## - Degree | |
| Degree | مــــاجستير |
| 099 ## - LOCAL FREE-TEXT CALL NUMBER (OCLC) | |
| Local Call Number | Cai01.26.03.M.Sc.2025.رح.ف |
| 100 0# - MAIN ENTRY--PERSONAL NAME | |
| Authority record control number or standard number | ،رحمه رأفت عبد العزيز إسماعيل غنيم |
| Preparation | إعداد. |
| 245 10 - TITLE STATEMENT | |
| Title | فاعلية برنامج قائم على لغة الجسد لتنمية الكفاءة الاجتماعيَّة لدى ضِعَاف السَّمْع المُدْمَجِين وأقرانهم / |
| Statement of responsibility, etc. | إعداد رحمه رأفت عبد العزيز إسماعيل غنيم؛ إشراف أ.د. هند إسماعيل إمبابي، أ.م.د. نهى ضياء الدين. |
| 246 15 - VARYING FORM OF TITLE | |
| Title proper/short title | The effectiveness of a program based on body language to develop social competence among integrated hearing impaired people and their peers / |
| 264 #0 - PRODUCTION, PUBLICATION, DISTRIBUTION, MANUFACTURE, AND COPYRIGHT NOTICE | |
| Date of production, publication, distribution, manufacture, or copyright notice | 2025. |
| 300 ## - PHYSICAL DESCRIPTION | |
| Extent | 164 صفحة : |
| Other physical details | إيضاحيات ؛ |
| Dimensions | 25 سم. + |
| Accompanying material | CD. |
| 336 ## - CONTENT TYPE | |
| Content type term | text |
| Source | rda content |
| 337 ## - MEDIA TYPE | |
| Media type term | Unmediated |
| Source | rdamedia |
| 338 ## - CARRIER TYPE | |
| Carrier type term | volume |
| Source | rdacarrier |
| 502 ## - DISSERTATION NOTE | |
| Dissertation note | أطروحة (ماجستير)-جامعة القاهرة، 2025. |
| 504 ## - BIBLIOGRAPHY, ETC. NOTE | |
| Bibliography, etc. note | ببليوجرافيا: صفحات 144-157. |
| 520 ## - SUMMARY, ETC. | |
| Summary, etc. | هدفت الدراسة الحالية إلى قياس فاعلية برنامج قائم على لغة الجسد لتنمية الكفاءة الاجتماعيَّة لدى ضِعَاف السَّمْع المُدْمَجِين وأقرانهم، اتبعت الدراسة المنهج شبه التجريبي القائم على القياسين القبلي والبعدي، طبقت على عينة الروضة (٥ـ٧) سنوات بالمستوى الثاني (Kg2) بالرضة التابعة لمدرسة الأمل بالجيزة، وتكونت العينة من( ١٠) من أطفال ضِعَاف السَّمْع المُدْمَجِين ممن سجلوا انخفاض في درجات الكفاءة الاجتماعيَّة و(١٠) من الأطفال السامعين، استخدمت الدراسة الأدوات: مقياس الكفاءة الاجتماعيَّة (إعداد منى عبد الجواد، 2017)، واختبار الذكاء المصور (إعداد أحمد زكي صالح، 2017)، برنامج قائم على لغة الجسد لتنمية الكفاءة الاجتماعيَّة لدى ضِعَاف السَّمْع المُدْمَجِين وأقرانهم (إعداد الباحثة)، وأظهرت نتائج الدراسة فاعلية برنامج قائم على لغة الجسد لتنمية الكفاءة الاجتماعيَّة لدى ضِعَاف السَّمْع المُدْمَجِين وأقرانهم من العاديين واستمراريته. |
| 520 ## - SUMMARY, ETC. | |
| Summary, etc. | The current study aimed to measure the effectiveness of a program based on body language to develop social competence among integrated hearing impaired and their peers. The study followed a quasi-experimental approach based on pre- and post-measurements. It was applied to a sample of kindergarten (5-7) years old at the second level (KG2) at Al-Amal School in Giza. The sample consisted of (10) integrated hearing impaired children who recorded a decrease in social competence scores and (10) normal children. The study used the following tools: The Social Competence Scale (prepared by Mona Abdel Gawad), the Illustrated Intelligence Test (prepared by Ahmed Zaki Saleh), a program based on body language to develop social competence among integrated hearing impaired and their peers (prepared by the researcher). The results of the study showed the effectiveness of a program based on body language to develop social competence among integrated hearing impaired and their normal peers and its continuity. |
| 530 ## - ADDITIONAL PHYSICAL FORM AVAILABLE NOTE | |
| Issues CD | صدر أيضًا كقرص مدمج. |
| 546 ## - LANGUAGE NOTE | |
| Text Language | النص بالعربية والملخص باللغة الإنجليزية والعربية. |
| 650 #7 - SUBJECT ADDED ENTRY--TOPICAL TERM | |
| Topical term or geographic name entry element | الأطفال الصم |
| Source of heading or term | qrmak |
| 650 #7 - SUBJECT ADDED ENTRY--TOPICAL TERM | |
| Topical term or geographic name entry element | السمع، اضطرابات |
| 653 #0 - INDEX TERM--UNCONTROLLED | |
| Uncontrolled term | البرنامج القائم على لغة الجسد |
| -- | الكَفَاءة الاجتِمَاعِيَّة |
| -- | أطفال ضِعَاف السَّمْع المُدْمَجِين |
| 700 0# - ADDED ENTRY--PERSONAL NAME | |
| Personal name | هند إسماعيل إمبابي |
| Relator term | مشرف أطروحة. |
| 700 0# - ADDED ENTRY--PERSONAL NAME | |
| Personal name | نهى ضياء الدين |
| Relator term | مشرف أطروحة. |
| 900 ## - Thesis Information | |
| Grant date | 17-03-2025 |
| Supervisory body | هند إسماعيل إمبابي |
| -- | نهى ضياء الدين |
| Discussion body | أشرف صلاح أحمد عثمان |
| -- | إيمان أحمد خليل |
| Universities | جامعة القاهرة |
| Faculties | كلية التربيه للطفولة المبكرة |
| Department | قسم التربية الخاصة للأطفال فى مرحلة ماقبل المدرسة |
| 905 ## - Cataloger and Reviser Names | |
| Cataloger Name | Sara Salah |
| Reviser Names | Afaf |
| 942 ## - ADDED ENTRY ELEMENTS (KOHA) | |
| Source of classification or shelving scheme | Dewey Decimal Classification |
| Koha item type | Thesis |
| Edition | 21 |
| Suppress in OPAC | No |
| Source of classification or shelving scheme | Home library | Current library | Date acquired | Inventory number | Full call number | Barcode | Date last seen | Effective from | Koha item type |
|---|---|---|---|---|---|---|---|---|---|
| Dewey Decimal Classification | المكتبة المركزبة الجديدة - جامعة القاهرة | قاعة الرسائل الجامعية - الدور الاول | 01.04.2026 | 33061 | Cai01.26.03.M.Sc.2025.رح.ف | 01010100033061000 | 01.04.2026 | 01.04.2026 | Thesis |